O Brasil amanhã (Record no. 155786)

MARC details
000 -LÍDER
campo de controle de tamanho fixo 00402 a2200121 4500
001 - NÚMERO DE CONTROLE
campo de controle 155786
040 ## - FONTE DA CATALOGAÇÃO
Instituição que transcreveu o registro Escola São Tomás de Aquino
240 10 - TÍTULO UNIFORME
Título uniforme O Brasil amanhã
Idioma da obra por
245 10 - TÍTULO
Título O Brasil amanhã
300 ## - DESCRIÇÃO FÍSICA
Extensão 87
697 ## - ENTRADA DE ASSUNTO LOCAL--ENTIDADE COLETIVA (RLIN)
Nome corporativo ou nome da jurisdição GENERALIDADES
942 ## - ELEMENTOS DE ENTRADA ADICIONADOS (KOHA)
Tipo de material Koha Livros
Holdings
Situação do descarte Situação das perdas Situação física Não pode ser emprestado Biblioteca de origem Biblioteca atual Data de aquisição Total de empréstimos Número de chamada completo Código de barras Data de último acesso Data do preço efetivo Tipo de material Koha
        ESTA - SÃO BENTO ESTA - SÃO BENTO 30/04/2024   000 BRA EST00009874 30/04/2024 30/04/2024 Livros